000 00469nam a22001457a 4500
999 _c15674
_d15674
008 201016b ||||| |||| 00| 0 eng d
020 _a9715502059
082 _21983
_aDFil 899.2113
_bR74
100 _aRotor, A. B.
_942418
245 _aThe Men who play God:
_ba collection of ten stories/
_cA. B. Rotor
260 _aQuezon City:
_bADMU Press,
_c©1983.
300 _a147 pages;
_c19 cm.
650 _aShort stories, Philippine (English).
_942419
942 _2ddc
_cDFIL